[Event "Cholet-G"]
[Site "Cholet"]
[Date "2012.02.21"]
[Round "4"]
[White "Popov, Boris"]
[Black "Gaultier, Carl"]
[Result "1-0"]
[WhiteElo "1499"]
[BlackElo "1070"]
[PlyCount "126"]
[EventDate "2012.02.18"]
[EventType "swiss"]
[EventRounds "7"]
[EventCountry "FRA"]
[SourceTitle "EXT 2013"]
[Source "ChessBase"]
[SourceDate "2012.11.22"]
[SourceVersion "1"]
[SourceVersionDate "2012.11.22"]
[SourceQuality "1"]

1. d4 d5 2. c4 dxc4 3. e3 Nf6 4. Bxc4 c6 5. Nf3 h6 6. 0-0 b5 7. Bb3 Bf5 8. Ne5 e6 9. Bc2 Bd6 10. Bxf5 exf5 11. Qf3 Qc7 12. Qxf5 0-0 13. e4 Nbd7 14. f4 Rae8 15. Rf3 Nxe5 16. fxe5 Bxe5 17. dxe5 Rxe5 18. Qf4 Qe7 19. Nd2 Nh5 20. Qe3 g5 21. Qf2 Nf4 22. Nb3 Rxe4 23. Bxf4 gxf4 24. Rxf4 Re2 25. Qh4 Qxh4 26. Rxh4 Rxb2 27. Rxh6 f5 28. Rxc6 f4 29. Ra6 f3 30. gxf3 Rxf3 31. Rf1 Rh3 32. Rf2 Rxf2 33. Kxf2 Rxh2+ 34. Ke3 Kf7 35. Rxa7+ Ke6 36. Kd4 Kd6 37. Ra6+ Kc7 38. Kc5 Rh5+ 39. Kb4 Kb7 40. Re6 Rh2 41. a3 Rh5 42. Nc5+ Kc7 43. Kxb5 Rh1 44. Rc6+ Kd8 45. Ka6 Ra1 46. a4 Rb1 47. Ka7 Ke7 48. a5 Ra1 49. a6 Rb1 50. Rb6 Rc1 51. Rb5 Kd6 52. Kb7 Rxc5 53. Rxc5 Kxc5 54. a7 Kd4 55. a8Q Ke5 56. Qa6 Kd4 57. Qb6+ Ke5 58. Qc6 Kd4 59. Qb5 Ke4 60. Qc5 Kd3 61. Qb4 Ke3 62. Qc4 Kf3 63. Qd4 Kg2 1-0

[Event "Cholet-G"]
[Site "Cholet"]
[Date "2012.02.19"]
[Round "2"]
[White "Gaultier, Carl"]
[Black "Morvan, Claude"]
[Result "1-0"]
[WhiteElo "1070"]
[BlackElo "1499"]
[PlyCount "67"]
[EventDate "2012.02.18"]
[EventType "swiss"]
[EventRounds "7"]
[EventCountry "FRA"]
[SourceTitle "EXT 2013"]
[Source "ChessBase"]
[SourceDate "2012.11.22"]
[SourceVersion "1"]
[SourceVersionDate "2012.11.22"]
[SourceQuality "1"]

1. d4 d5 2. Nf3 Nc6 3. Nc3 e6 4. Bf4 Bb4 5. a3 Bxc3+ 6. bxc3 Nf6 7. e3 0-0 8. c4 Re8 9. c5 Re7 10. h3 Qe8 11. g4 Bd7 12. g5 Nh5 13. Ne5 Nxf4 14. exf4 f6 15. Nxd7 Qxd7 16. Bd3 Kf7 17. Bxh7 e5 18. Qh5+ Kf8 19. 0-0-0 Qf5 20. Bxf5 Nxd4 21. Bg6 Ree8 22. Bxe8 Rxe8 23. Qh8+ Kf7 24. Qh5+ Kf8 25. Rxd4 exd4 26. Qf3 b6 27. cxb6 axb6 28. Qxd5 Re2 29. Qxd4 Re7 30. gxf6 gxf6 31. Qxf6+ Rf7 32. Qd8+ Kg7 33. Rg1+ Kh6 34. Qh8+ 1-0

[Event "Cholet-G"]
[Site "Cholet"]
[Date "2012.02.18"]
[Round "1"]
[White "Gaultier, Carl"]
[Black "Maldonado, Marcos"]
[Result "0-1"]
[WhiteElo "1070"]
[BlackElo "1499"]
[PlyCount "40"]
[EventDate "2012.02.18"]
[EventType "swiss"]
[EventRounds "7"]
[EventCountry "FRA"]
[SourceTitle "EXT 2013"]
[Source "ChessBase"]
[SourceDate "2012.11.22"]
[SourceVersion "1"]
[SourceVersionDate "2012.11.22"]
[SourceQuality "1"]

1. Nf3 d5 2. d4 Bf5 3. Nc3 Nf6 4. h3 e6 5. g4 Bg6 6. Ne5 Nbd7 7. Nxg6 hxg6 8. Bg5 c5 9. dxc5 Bxc5 10. e4 Qb6 11. Na4 Qb4+ 12. c3 Qxe4+ 13. Qe2 Qxh1 14. Nxc5 Nxc5 15. Qb5+ Ncd7 16. Qxb7 0-0 17. 0-0-0 Qf3 18. c4 Qxf2 19. cxd5 Rab8 20. Qa6 Qxb2# 0-1

[Event "Cholet-E"]
[Site "Cholet"]
[Date "2011.03.09"]
[Round "7"]
[White "Avril, Simon"]
[Black "Gaultier, Carl"]
[Result "1-0"]
[WhiteElo "1199"]
[BlackElo "1099"]
[PlyCount "129"]
[EventDate "2011.03.05"]
[EventType "tourn"]
[EventRounds "9"]
[EventCountry "FRA"]
[SourceTitle "EXT 2012"]
[Source "ChessBase"]
[SourceDate "2011.11.24"]
[SourceVersion "1"]
[SourceVersionDate "2011.11.24"]
[SourceQuality "1"]

1. e4 e5 2. Nf3 Nc6 3. Bb5 d6 4. d4 f5 5. exf5 Bxf5 6. d5 a6 7. dxc6 axb5 8. cxb7 Ra7 9. Bg5 Qb8 10. Be3 Rxb7 11. Nc3 e4 12. Nd4 b4 13. Nce2 Bg4 14. 0-0 Bxe2 15. Qxe2 Qc8 16. Rab1 Qd7 17. c3 c5 18. Nc2 b3 19. axb3 Rxb3 20. f3 Nf6 21. Bg5 Qa7 22. Bxf6 gxf6 23. Ra1 Qb6 24. Ra8+ Kf7 25. Ra6 Qc7 26. Qc4+ d5 27. Qxd5+ Kg6 28. Qxb3 c4 29. Qb6 Bc5+ 30. Qxc5 Qxc5+ 31. Kh1 exf3 32. Rxf3 Qe5 33. Re3 Rd8 34. Rxe5 Rd1+ 35. Re1 Rd2 36. Ne3 Rxb2 37. Nxc4 Rc2 38. Ra3 h5 39. h3 Kg5 40. Ne3 Rd2 41. c4 f5 42. g3 f4 43. gxf4+ Kxf4 44. Nd5+ Kf5 45. c5 Rxd5 46. Rc3 Rd8 47. Rg1 Rc8 48. c6 Ke5 49. Rd1 Ke6 50. c7 h4 51. Rd8 Rxc7 52. Rxc7 Kf5 53. Kg1 Kf6 54. Rh7 Ke5 55. Rxh4 Kf6 56. Rf4+ Ke7 57. Rg8 Ke6 58. Re8+ Kd5 59. Rf2 Kd4 60. Rd2+ Kc3 61. Rdd8 Kc2 62. Re7 Kc3 63. Rc7+ Kb4 64. Rb8+ Ka5 65. Ra7# 1-0

[Event "Cholet-E"]
[Site "Cholet"]
[Date "2011.03.06"]
[Round "2"]
[White "Gaultier, Carl"]
[Black "Retailleau, Bernard"]
[Result "0-1"]
[WhiteElo "1099"]
[BlackElo "1160"]
[PlyCount "64"]
[EventDate "2011.03.05"]
[EventType "tourn"]
[EventRounds "9"]
[EventCountry "FRA"]
[SourceTitle "EXT 2012"]
[Source "ChessBase"]
[SourceDate "2011.11.24"]
[SourceVersion "1"]
[SourceVersionDate "2011.11.24"]
[SourceQuality "1"]

1. g3 e6 2. c3 b6 3. Bg2 d5 4. c4 Ne7 5. cxd5 Nxd5 6. Nc3 Bb7 7. Nxd5 Bxd5 8. e4 Bc6 9. Ne2 Bc5 10. d4 Bb4+ 11. Nc3 0-0 12. a3 Bd6 13. 0-0 Bb7 14. e5 Bxg2 15. Kxg2 Be7 16. Qd3 Nc6 17. Re1 Nxd4 18. Rb1 a6 19. Re4 c5 20. Rg4 Kh8 21. Bg5 f6 22. Rh4 Nf5 23. Rh5 Qxd3 24. Rc1 fxg5 25. g4 Nh4+ 26. Kg1 Nf3+ 27. Kg2 Nxe5 28. Rh3 Qd2 29. Na2 Qxf2+ 30. Kh1 Rf3 31. Rxf3 Nxf3 32. Rxc5 Qg1# 0-1